[Event "33rd Leon Blitz Open 2020"]
[Site "chess.com INT"]
[Date "2020.07.14"]
[Round "4"]
[White "Mrudul, Dehankar"]
[Black "Budrewicz, Krzysztof"]
[Result "1-0"]
[WhiteTitle "WIM"]
[WhiteElo "2256"]
[BlackElo "2227"]
[WhiteFideId "25096990"]
[BlackFideId "1127950"]
[EventDate "2020.07.14"]
[EventType "blitz"]

1. e4 c5 2. Nf3 e6 3. d4 cxd4 4. Nxd4 Nc6 5. Nc3 a6 6. Be2 Nf6 7. Nxc6 bxc6 8.
e5 Nd5 9. Ne4 Qc7 10. f4 c5 11. O-O Bb7 12. Bf3 Be7 13. Nd6+ Bxd6 14. exd6 Qb6
15. c4 Nf6 16. Be3 Bxf3 17. Qxf3 O-O 18. Rfd1 a5 19. Rd2 a4 20. f5 Rfb8 21. Bg5
Qb7 22. Qe3 Qe4 23. Re1 Qxe3+ 24. Rxe3 Ne8 25. Be7 Rb4 26. fxe6 fxe6 27. Re4 g6
28. Rf2 Ng7 29. g4 h5 30. h3 a3 31. b3 Rxb3 32. axb3 a2 33. Bf6 a1=Q+ 34. Bxa1
Rxa1+ 35. Kg2 hxg4 36. hxg4 Rd1 37. Re5 Rxd6 38. Rxc5 Rd4 39. Kg3 Rd3+ 40. Rf3
Rd1 41. Rc8+ Kh7 42. Kf4 Rh1 43. Ke5 g5 44. Kf6 Rh6+ 45. Kxg5 Rg6+ 46. Kh4 e5
47. Rf7 Re6 48. Rxd7 e4 49. Rcc7 e3 50. Rxg7+ Kh8 51. Rgd7 Re8 52. Re7 1-0

[Event "33rd Leon Blitz Open 2020"]
[Site "chess.com INT"]
[Date "2020.07.14"]
[Round "4"]
[White "Shuvalov, Evgenij"]
[Black "Vinter-Schou, Uffe"]
[Result "1-0"]
[BlackTitle "IM"]
[WhiteElo "2182"]
[BlackElo "2349"]
[WhiteFideId "4187237"]
[BlackFideId "1400568"]
[EventDate "2020.07.14"]
[EventType "blitz"]

1. Nf3 c5 2. c4 Nc6 3. d4 cxd4 4. Nxd4 Qb6 5. Nb3 e6 6. Nc3 Nf6 7. Be3 Qc7 8.
Nb5 Qb8 9. c5 b6 10. Rc1 bxc5 11. Bxc5 Qxb5 12. e3 Qb8 13. Bxf8 Kxf8 14. Be2
Qb4+ 15. Kf1 a5 16. Bf3 Ba6+ 17. Kg1 Rc8 18. Nc5 Bb5 19. a3 Qh4 20. a4 Bc4 21.
g3 Qg5 22. Rxc4 Ke7 23. h4 Qe5 24. Nd3 Qd6 25. Qc2 Nd5 26. Bxd5 Qxd5 27. Qc3 f6
28. Kh2 Na7 29. Rc1 Rxc4 30. Qxc4 Qxc4 31. Rxc4 Rc8 32. Rxc8 Nxc8 33. b4 axb4
34. Nxb4 Kd6 35. Kg2 Kc5 36. Nc2 Na7 37. Kf3 Nc6 38. Ke2 d5 39. Kd2 e5 40. Kc3
h5 41. f3 g5 42. Kb3 e4 43. f4 g4 44. Kc3 Na5 45. Nd4 Nc4 46. Nb3+ Kc6 47. Kd4
Kd6 48. a5 Kc6 49. a6 Kb6 50. Kxd5 Nxe3+ 51. Kxe4 Nf1 52. Nc5 Nxg3+ 53. Kd5 Nf5
54. Ke6 g3 55. Ne4 g2 56. Kxf5 g1=Q 57. Nxf6 1-0

[Event "33rd Leon Blitz Open 2020"]
[Site "chess.com INT"]
[Date "2020.07.14"]
[Round "4"]
[White "Aditya, Mittal"]
[Black "Tang, Andrew"]
[Result "0-1"]
[WhiteTitle "IM"]
[BlackTitle "GM"]
[WhiteElo "2438"]
[BlackElo "2538"]
[WhiteFideId "35042025"]
[BlackFideId "2059630"]
[EventDate "2020.07.14"]
[EventType "blitz"]

1. d4 d5 2. c4 e6 3. Nc3 Be7 4. cxd5 exd5 5. Bf4 c6 6. e3 Bf5 7. Bd3 Bxd3 8.
Qxd3 Nf6 9. Nge2 O-O 10. O-O Nh5 11. Be5 Nd7 12. Ng3 Nxe5 13. dxe5 Nxg3 14. hxg3
Re8 15. Rad1 Qb6 16. Rd2 Bb4 17. a3 Bf8 18. e4 Rxe5 19. exd5 cxd5 20. Nxd5 Qc6
21. Rfd1 Rae8 22. Ne3 Bc5 23. Ng4 Re4 24. Qf3 h5 25. Nh2 Qe6 26. Nf1 Re5 27. b4
Bb6 28. Rd6 Qa2 29. R6d2 Qc4 30. Qf4 Qe6 31. Rd6 Qa2 32. R6d2 Qb3 33. Rd3 Qa2
34. R1d2 Qb1 35. Rd1 Qc2 36. R1d2 Qc6 37. Rd7 Qg6 38. R7d5 Re2 39. Qf5 Rxd2 40.
Nxd2 Re1+ 41. Kh2 Qxf5 42. Rxf5 g6 43. Rd5 Bxf2 44. Nf3 Ra1 45. Rd7 b5 46. Rd3
Kg7 47. Ng5 f6 48. Ne6+ Kh6 49. Rd8 g5 50. Rd3 g4 51. Nf4 Bg1+ 52. Kh1 h4 53.
gxh4 Be3+ 54. Kh2 Bxf4+ 55. g3 Be5 0-1

[Event "33rd Leon Blitz Open 2020"]
[Site "chess.com INT"]
[Date "2020.07.14"]
[Round "4"]
[White "Postny, Evgeny"]
[Black "Dhulipalla, Bala Chandra Prasad"]
[Result "1/2-1/2"]
[WhiteTitle "GM"]
[BlackTitle "IM"]
[WhiteElo "2600"]
[BlackElo "2441"]
[WhiteFideId "2804344"]
[BlackFideId "25005812"]
[EventDate "2020.07.14"]
[EventType "blitz"]

1. d4 Nc6 2. Nf3 d5 3. c4 Bg4 4. Nc3 e6 5. Bg5 Be7 6. Bxe7 Ngxe7 7. e3 O-O 8.
Be2 dxc4 9. Bxc4 e5 10. dxe5 Bxf3 11. Qxd8 Raxd8 12. gxf3 Nxe5 13. Be2 Nd3+ 14.
Bxd3 Rxd3 15. Ke2 Rfd8 16. Rhd1 Rxd1 17. Rxd1 Rxd1 18. Kxd1 c6 19. Kd2 Kf8 20.
Ne4 Nf5 21. Nc5 Nd6 22. Kd3 Ke7 23. e4 b6 24. Na6 Kd7 25. Nb4 f6 26. f4 a5 27.
Nc2 b5 28. b3 c5 29. Ne3 Ke6 30. a4 c4+ 31. bxc4 bxa4 32. Nc2 Nb7 33. Kd4 Kd6
34. Na3 Kc6 35. f5 Nc5 36. f4 Nb3+ 37. Kc3 Nc5 38. Kd4 Nb3+ 39. Kd3 Nc5+ 40. Ke3
Kd6 41. Nb5+ Kc6 42. e5 Nb3 43. Kd3 Nc5+ 44. Kd4 Nb3+ 45. Kc3 Nc5 46. Nd4+ Kd7
47. Nc2 Kc6 48. Na3 Kd7 49. Kd4 Kc6 50. e6 g6 51. fxg6 hxg6 52. e7 Nb3+ 53. Ke4
Kd7 54. f5 gxf5+ 55. Kxf5 Kxe7 56. h4 Kf7 57. h5 Kg7 58. Ke6 Nc5+ 59. Kd5 Nb3
60. Ke6 Nc5+ 61. Kd5 Nb3 62. Ke6 1/2-1/2

[Event "33rd Leon Blitz Open 2020"]
[Site "chess.com INT"]
[Date "2020.07.14"]
[Round "4"]
[White "Visakh, N R"]
[Black "Lamard, Guillaume"]
[Result "1-0"]
[WhiteTitle "GM"]
[BlackTitle "IM"]
[WhiteElo "2516"]
[BlackElo "2486"]
[WhiteFideId "25012223"]
[BlackFideId "600261"]
[EventDate "2020.07.14"]
[EventType "blitz"]

1. e4 c5 2. Nf3 d6 3. Bb5+ Bd7 4. Bxd7+ Nxd7 5. O-O Ngf6 6. Re1 e6 7. c3 Be7 8.
d4 O-O 9. Nbd2 Rc8 10. Nf1 d5 11. exd5 Nxd5 12. c4 N5f6 13. b3 cxd4 14. Nxd4 Bb4
15. Re2 Bc3 16. Bb2 Bxb2 17. Rxb2 Nc5 18. Nb5 a6 19. Nc3 Qb6 20. Qe2 Qb4 21. Rc2
Rfd8 22. Rd1 h6 23. h3 a5 24. Rcd2 Rxd2 25. Qxd2 a4 26. Nxa4 Qxd2 27. Nxd2 Nxa4
28. bxa4 Rd8 29. Kf1 Ne4 30. Ke1 Nc3 31. Rc1 Nxa4 32. Rb1 Rd7 33. g3 Kf8 34. Rb4
Nc5 35. Ke2 Ke7 36. Nb3 Na6 37. Rb6 Kd8 38. Na5 Kc8 39. Nxb7 Rxb7 40. Rxa6 Rb2+
41. Kf3 Rc2 42. Ra7 f5 43. Rxg7 Rxc4 44. Rg6 Kd7 45. Rxh6 Ra4 46. h4 Rxa2 47.
Rh7+ Kd6 48. h5 Ke5 49. Rf7 Ra1 50. Kg2 Ra8 51. h6 Rh8 52. h7 Kd5 53. Kh3 e5 54.
Kh4 Ke6 55. Ra7 Kf6 56. Kh5 f4 57. g4 e4 58. g5+ Kf5 59. g6 e3 60. fxe3 f3 61.
Rf7+ Ke4 62. Kh6 Kxe3 63. g7 Re8 1-0

[Event "33rd Leon Blitz Open 2020"]
[Site "chess.com INT"]
[Date "2020.07.14"]
[Round "4"]
[White "Schitco, Ivan"]
[Black "Praveen, Kumar C"]
[Result "1-0"]
[WhiteTitle "IM"]
[BlackTitle "IM"]
[WhiteElo "2467"]
[BlackElo "2158"]
[WhiteFideId "13905465"]
[BlackFideId "5007372"]
[EventDate "2020.07.14"]
[EventType "blitz"]

1. d4 d6 2. e4 Nf6 3. Bd3 e5 4. c3 Nbd7 5. Nf3 Be7 6. O-O O-O 7. Re1 c6 8. Nbd2
a6 9. a4 b6 10. Nf1 Bb7 11. Ng3 Re8 12. h3 b5 13. Bg5 h6 14. Be3 c5 15. d5 c4
16. Bc2 Qc7 17. Qd2 Bf8 18. Nh4 Nc5 19. a5 Bc8 20. Rf1 Rb8 21. f3 Bd7 22. Ngf5
Bxf5 23. Nxf5 Kh7 24. g4 Ng8 25. f4 Nd7 26. h4 g6 27. Ng3 exf4 28. Rxf4 Ne5 29.
Raf1 Bg7 30. Bd4 Rf8 31. g5 Qd7 32. Qh2 h5 33. Nf5 gxf5 34. exf5 f6 35. Qe2 Qe8
36. Re4 Rb7 37. Bd1 Re7 38. Qxh5+ Qxh5 39. Bxh5 Nd3 40. Re6 Ne5 41. Rxd6 Nd3 42.
Re6 Nxb2 43. d6 Rd7 44. Bg6+ Kh8 45. Bb6 Nd3 46. Bc7 Ne5 47. Be8 Rxe8 48. Rxe8
Kh7 49. Rd8 b4 50. Rxd7 Nxd7 51. cxb4 fxg5 52. hxg5 Bd4+ 53. Kg2 c3 54. Kf3 c2
55. Rc1 Bc3 56. Rxc2 Bxb4 57. Ke4 Kg7 58. Kd5 Kf7 59. Rc6 Bd2 60. g6+ Kg7 61.
Rxa6 Ngf6+ 62. Kc6 Ne5+ 63. Kb5 Ned7 64. Ra8 1-0

[Event "33rd Leon Blitz Open 2020"]
[Site "chess.com INT"]
[Date "2020.07.14"]
[Round "4"]
[White "Demchenko, Anton"]
[Black "Puranik, Abhimanyu"]
[Result "1/2-1/2"]
[WhiteTitle "GM"]
[BlackTitle "GM"]
[WhiteElo "2641"]
[BlackElo "2584"]
[WhiteFideId "4160258"]
[BlackFideId "5061245"]
[EventDate "2020.07.14"]
[EventType "blitz"]

1. d4 Nf6 2. Nf3 g6 3. Bf4 Bg7 4. c3 O-O 5. Nbd2 d6 6. e4 c5 7. dxc5 dxc5 8. h3
Nc6 9. Qc2 b6 10. Rd1 Bb7 11. Be2 Qc8 12. O-O Rd8 13. Rfe1 Ba6 14. Nc4 Qe6 15.
Ng5 Qc8 16. Rxd8+ Nxd8 17. Bh2 h6 18. Nf3 Qe6 19. Nfd2 Bb7 20. e5 Nd7 21. Bg4 f5
22. Bd1 Nf7 23. Qc1 Kh7 24. f4 Rd8 25. Ne3 Nf8 26. Bb3 Qd7 27. Rd1 Ne6 28. Ndf1
Qc8 29. a4 h5 30. Bc4 Bh6 31. Nd5 Nxe5 32. Nxe7 Qc7 33. Bxe6 Qxe7 34. Rxd8 Qxd8
35. Qe3 Nc6 36. Bb3 Na5 37. Bc2 c4 38. Bg3 Qc7 39. Nd2 Bf8 40. Bf2 Bd6 41. g3
Qc6 42. Kf1 Qg2+ 43. Ke1 Bc5 44. Qe2 Qh1+ 45. Nf1 Bxf2+ 46. Qxf2 Qxh3 47. Qe3
Nc6 48. a5 Qg2 49. axb6 Qxc2 50. bxa7 Qb1+ 51. Kf2 Qxb2+ 52. Kg1 Qa2 53. Qe6
Qxa7+ 54. Ne3 Ba8 55. Kh2 Qa2+ 56. Kh3 Qa7 57. Nd5 Qg7 58. Nf6+ Kh6 59. Ng8+ Kh7
60. Nf6+ Kh6 61. Ng8+ Kh7 62. Nf6+ 1/2-1/2

[Event "33rd Leon Blitz Open 2020"]
[Site "chess.com INT"]
[Date "2020.07.14"]
[Round "4"]
[White "Kowalczyk, Pawel"]
[Black "Eljanov, Pavel"]
[Result "0-1"]
[BlackTitle "GM"]
[WhiteElo "2339"]
[BlackElo "2672"]
[WhiteFideId "1130641"]
[BlackFideId "14102951"]
[EventDate "2020.07.14"]
[EventType "blitz"]

1. d4 Nf6 2. g3 d5 3. Bg2 Bf5 4. Nf3 e6 5. O-O h6 6. c4 c6 7. Qb3 Qb6 8. c5 Qa6
9. Nc3 Nbd7 10. Re1 b6 11. Bf1 Qb7 12. Bf4 Be7 13. Rac1 O-O 14. Ne5 Nxe5 15.
Bxe5 Rfd8 16. Na4 Nd7 17. Bf4 b5 18. Nc3 a5 19. e4 Bxe4 20. Nxe4 dxe4 21. Bg2
Nf6 22. Be5 a4 23. Qe3 Rd5 24. h3 Rad8 25. Kh1 Qa6 26. a3 Qb7 27. Rc2 Qc8 28.
Rce2 R8d7 29. f3 exf3 30. Bxf3 Rxe5 31. dxe5 Nd5 32. Qf2 Qf8 33. Rc2 g6 34. h4
h5 35. Be4 Qg7 36. Rf1 Bd8 37. Re2 Bc7 38. Bxd5 Rxd5 39. Qf6 Bxe5 40. Qxg7+ Kxg7
41. Kg2 Bd4 42. Rc1 e5 43. Rb1 Rxc5 44. b3 axb3 45. Rxb3 Rc4 46. Rb4 Rxb4 47.
axb4 Kf6 48. Rc2 Ke6 49. Rxc6+ Kd5 50. Rc8 e4 51. Kf1 Be5 52. Rc5+ Kd4 53. Rxb5
Bxg3 54. Rb7 f5 55. b5 f4 56. Kg2 Bxh4 57. Rc7 f3+ 58. Kh3 e3 59. b6 e2 60. Rc1
f2 0-1

[Event "33rd Leon Blitz Open 2020"]
[Site "chess.com INT"]
[Date "2020.07.14"]
[Round "4"]
[White "Arencibia Monduy, Antonio"]
[Black "Horak, Martin"]
[Result "1/2-1/2"]
[WhiteTitle "CM"]
[BlackTitle "FM"]
[WhiteElo "2148"]
[BlackElo "2341"]
[WhiteFideId "3507939"]
[BlackFideId "367095"]
[EventDate "2020.07.14"]
[EventType "blitz"]

1. d4 Nf6 2. Nf3 e6 3. Bf4 c5 4. c3 d5 5. e3 Bd6 6. Bd3 Qc7 7. Bg3 Nbd7 8. Nbd2
O-O 9. O-O e5 10. dxe5 Nxe5 11. Nxe5 Bxe5 12. Bxe5 Qxe5 13. Nf3 Qh5 14. Be2 Re8
15. Nd2 Bg4 16. Bxg4 Qxg4 17. Qxg4 Nxg4 18. Nb3 b6 19. Rfd1 Rad8 20. Rd2 Re7 21.
Rad1 Red7 22. e4 Nf6 23. exd5 Rxd5 24. Rxd5 Rxd5 25. Rxd5 Nxd5 26. g3 f5 27. Kf1
Kf7 28. Ke2 Ke6 29. Nd2 Nf6 30. f3 b5 31. c4 a6 32. Ke3 Ke5 33. Nb3 Nd7 34. cxb5
axb5 35. Nc1 g5 36. Ne2 Nb6 37. f4+ gxf4+ 38. gxf4+ Kd5 39. Nc3+ Kc4 40. Kd2 b4
41. Ne2 Kd5 42. Ng3 Nc4+ 43. Kc2 Ne3+ 44. Kb3 Kd4 45. Ka4 Nd1 46. Nxf5+ Kd3 47.
Ng3 Nxb2+ 48. Kb3 Nd1 49. f5 c4+ 50. Kxb4 Ne3 51. f6 Nd5+ 52. Ka3 Nxf6 53. Kb2
Ne4 54. Nxe4 Kxe4 55. Kc3 Kd5 56. h3 Kc5 57. h4 h5 58. a4 Kd5 59. a5 Kc5 60. a6
Kb6 61. Kxc4 Kxa6 62. Kd5 Kb5 63. Ke5 Kc5 64. Kf5 Kd5 65. Kg5 Ke5 66. Kxh5 Kf5
67. Kh6 Kf6 68. Kh7 Kf7 69. h5 Kf8 70. Kh8 Kf7 71. Kh7 Kf8 72. Kg6 Kg8 73. h6
Kh8 74. h7 1/2-1/2

[Event "33rd Leon Blitz Open 2020"]
[Site "chess.com INT"]
[Date "2020.07.14"]
[Round "4"]
[White "Villalba, Marcelo"]
[Black "Koellner, Ruben Gideon"]
[Result "0-1"]
[WhiteTitle "IM"]
[BlackTitle "FM"]
[WhiteElo "2258"]
[BlackElo "2376"]
[WhiteFideId "3701859"]
[BlackFideId "12993093"]
[EventDate "2020.07.14"]
[EventType "blitz"]

1. e4 d6 2. d4 Nf6 3. f3 d5 4. e5 Nfd7 5. e6 fxe6 6. f4 Nf6 7. Nf3 Nc6 8. c3 Qd6
9. Bd3 Bd7 10. Ne5 g6 11. O-O Bh6 12. Nd2 Rf8 13. b4 Bxf4 14. Rxf4 Nxe5 15. dxe5
Qxe5 16. Nf3 Qxc3 17. Rb1 O-O-O 18. Bb2 Qc6 19. Ne5 Qb6+ 20. Bd4 Qd6 21. Qe2 Ne4
22. Rff1 Rxf1+ 23. Kxf1 Rf8+ 24. Kg1 Bc6 25. b5 Bd7 26. a4 Kb8 27. a5 b6 28.
Bxe4 dxe4 29. Qxe4 Qd5 30. Nxd7+ Qxd7 31. a6 Qd5 32. Qxd5 exd5 33. Re1 Re8 34.
Re6 Kc8 35. Be5 Kd7 36. Rc6 Rc8 37. Kf2 Kd8 38. Ke3 Kd7 39. Kd4 e6 40. Bf6 h6
41. Ke5 Re8 42. Kd4 Rc8 43. Bg7 h5 44. Be5 g5 45. Bf6 g4 46. Be5 h4 47. Bf4 h3
48. g3 Ke7 49. Bxc7 Kd7 50. Bf4 Rxc6 51. bxc6+ Kxc6 52. Bb8 Kb5 53. Bxa7 Kxa6
54. Bb8 Kb5 55. Ke5 Kc4 56. Ba7 b5 57. Be3 b4 58. Bc1 Kc3 59. Kxe6 d4 60. Kd5 d3
61. Kc5 b3 62. Kd5 d2 63. Bxd2+ Kxd2 0-1

[Event "33rd Leon Blitz Open 2020"]
[Site "chess.com INT"]
[Date "2020.07.14"]
[Round "4"]
[White "Tarini, Goyal"]
[Black "Zvereva, Margarita"]
[Result "1-0"]
[WhiteTitle "WFM"]
[BlackTitle "WFM"]
[WhiteElo "2164"]
[BlackElo "1929"]
[WhiteFideId "5082749"]
[BlackFideId "34177741"]
[EventDate "2020.07.14"]
[EventType "blitz"]

1. d4 d5 2. c4 e6 3. Nf3 Nf6 4. Nc3 Nbd7 5. Bg5 Be7 6. e3 h6 7. Bh4 O-O 8. Rc1
c5 9. cxd5 Nxd5 10. Bxe7 Nxe7 11. Bc4 a6 12. a4 b6 13. O-O Bb7 14. Qe2 cxd4 15.
exd4 Nf6 16. Rfd1 Nfd5 17. Ne5 Nf4 18. Qg4 Nxg2 19. d5 Nxd5 20. Nxd5 exd5 21.
Qxg2 Qe7 22. Bxd5 Bxd5 23. Rxd5 Rac8 24. Rcd1 Rc2 25. Ng4 Kh8 26. Re5 Qb4 27.
Rh5 Qf4 28. h3 Rfc8 29. Qg3 Qxg3+ 30. fxg3 Rxb2 31. Rf5 Rcc2 32. Rf2 Rxf2 33.
Nxf2 Ra2 34. Rd6 Rxa4 35. Rxb6 Kg8 36. Kg2 Kf8 37. Rb7 Ra3 38. Ra7 a5 39. Ne4
Ra4 40. Nc5 Ra2+ 41. Kf3 g6 42. Ne4 Ra3+ 43. Kf2 h5 44. Nd6 Ra2+ 45. Kf3 a4 46.
Rxf7+ Kg8 47. Ra7 Ra1 48. Nb5 Ra2 49. Kf4 Rb2 50. Na3 Rb4+ 51. Kg5 Rb3 52. Ra8+
Kg7 53. Ra7+ Kg8 54. Rxa4 Rxg3+ 55. Kf6 Rxh3 56. Kxg6 Kf8 57. Ra7 h4 58. Nc4
Rg3+ 59. Kf6 Rf3+ 60. Ke6 Rc3 61. Ne5 h3 62. Rh7 Re3 63. Kf6 Ke8 64. Rh8# 1-0

[Event "33rd Leon Blitz Open 2020"]
[Site "chess.com INT"]
[Date "2020.07.14"]
[Round "4"]
[White "Shashikant, Kutwal"]
[Black "Volkov, Maksim"]
[Result "1-0"]
[WhiteTitle "IM"]
[BlackTitle "CM"]
[WhiteElo "2182"]
[BlackElo "2163"]
[WhiteFideId "5006520"]
[BlackFideId "54123070"]
[EventDate "2020.07.14"]
[EventType "blitz"]

1. e4 e6 2. d4 d5 3. Nd2 c5 4. exd5 exd5 5. dxc5 Bxc5 6. Ngf3 Nf6 7. Bd3 O-O 8.
O-O h6 9. h3 Nc6 10. c3 Re8 11. Nb3 Bb6 12. Bf4 Ne4 13. Nbd4 Bd7 14. Bc2 Qf6 15.
Bh2 Rad8 16. Qd3 Bc8 17. Rad1 a6 18. Rfe1 Qg6 19. Re2 Qh5 20. a4 Nxd4 21. Nxd4
f5 22. Rde1 Qf7 23. Kf1 f4 24. f3 Nf6 25. Qg6 Rxe2 26. Rxe2 Qxg6 27. Bxg6 Bxd4
28. cxd4 Bd7 29. b3 Rc8 30. Bxf4 Rc3 31. Re7 Rxb3 32. a5 Bxh3 33. Be5 Rxf3+ 34.
Kg1 Bf5 35. gxf3 Bxg6 36. Rxb7 Bd3 37. Kf2 Nh5 38. Ke3 Bc4 39. f4 Kh7 40. f5 Kg8
41. Kf3 Bd3 42. Kg4 Be2+ 43. Kh4 Kf8 44. Rd7 Bf3 45. Rd6 Be2 46. Rxd5 Ke7 47.
Rd6 Nf6 48. Rb6 Bd3 49. Bxf6+ gxf6 50. Kg4 Kf7 51. Rb7+ Ke8 52. Kf4 h5 53. Rh7
Be2 54. d5 Kd8 55. d6 Ke8 56. Ke4 Kd8 57. Kd5 Bd1 58. Ke6 Bb3+ 59. Kxf6 Bd1 60.
d7 Kc7 61. Ke7 1-0

[Event "33rd Leon Blitz Open 2020"]
[Site "chess.com INT"]
[Date "2020.07.14"]
[Round "4"]
[White "Bjerre, Jonas Buhl"]
[Black "Nitin, S."]
[Result "1-0"]
[WhiteTitle "GM"]
[BlackTitle "IM"]
[WhiteElo "2549"]
[BlackElo "2381"]
[WhiteFideId "1444948"]
[BlackFideId "5018277"]
[EventDate "2020.07.14"]
[EventType "blitz"]

1. d4 Nf6 2. c4 g6 3. Nc3 Bg7 4. e4 d6 5. Nf3 O-O 6. Be2 e5 7. O-O Nc6 8. dxe5
Nxe5 9. Nxe5 dxe5 10. Qa4 c6 11. Rd1 Qc7 12. Be3 Bg4 13. f3 Be6 14. b4 Nh5 15.
Rac1 Nf4 16. Bf1 Rfd8 17. Rxd8+ Qxd8 18. Rd1 Qg5 19. Kh1 Qe7 20. c5 a6 21. Qc2
Rd8 22. a3 h5 23. Na4 h4 24. Nb6 Nh5 25. Qc1 Re8 26. Bc4 h3 27. g3 Bxc4 28. Qxc4
Qf6 29. Qe2 Rd8 30. Nc4 Rxd1+ 31. Qxd1 Qe6 32. Qc2 Bf8 33. Na5 Qd7 34. Qd2 Qc8
35. Bg5 f6 36. Be3 f5 37. Qd3 f4 38. gxf4 exf4 39. Bd4 Bg7 40. Nc4 Qe6 41. Bxg7
Nxg7 42. Qd8+ Kh7 43. Qd4 g5 44. Kg1 g4 45. Kf2 g3+ 46. Kg1 Qg6 47. Qd2 Nh5 48.
Ne5 gxh2+ 49. Kxh2 Qg3+ 50. Kh1 Nf6 51. Qe2 Qg5 52. Nd3 Nh5 53. Qf2 Ng3+ 54. Kh2
Qg8 55. Kxh3 Qe6+ 56. Kg2 Qh6 57. Qg1 Nh5 58. Qh2 Qg6+ 59. Kf2 Kh6 60. Nxf4 1-0

[Event "33rd Leon Blitz Open 2020"]
[Site "chess.com INT"]
[Date "2020.07.14"]
[Round "4"]
[White "Aldokhin, Ivan"]
[Black "Raja, Harshit"]
[Result "1-0"]
[WhiteTitle "IM"]
[BlackTitle "IM"]
[WhiteElo "2413"]
[BlackElo "2472"]
[WhiteFideId "24115720"]
[BlackFideId "5089000"]
[EventDate "2020.07.14"]
[EventType "blitz"]

1. e4 c5 2. Nf3 d6 3. d4 cxd4 4. Nxd4 Nf6 5. Nc3 a6 6. Bc4 e6 7. Bb3 Be7 8. O-O
O-O 9. Qf3 Nbd7 10. Qg3 Nc5 11. Bh6 Ne8 12. Rad1 Qc7 13. Rfe1 b5 14. Nf5 exf5
15. Nd5 Qd8 16. exf5 Bf6 17. Rxe8 Rxe8 18. Bxg7 Bh4 19. Qg4 Bxf5 20. Qxf5 Kxg7
21. g3 Nxb3 22. axb3 Bf6 23. Nf4 Bxb2 24. Nh5+ Kg8 25. Rd3 Re1+ 26. Kg2 Qe7 27.
Rf3 Re6 28. c3 a5 29. Nf4 Re5 30. Nd5 Qe6 31. Nf6+ Kf8 32. Qxh7 Ke7 33. Nh5 Rxh5
34. Qxh5 Bc1 35. Qxb5 Rc8 36. Qb7+ Qd7 37. Qe4+ Qe6 38. Qh4+ Kd7 39. Qh5 Rf8 40.
Qxa5 Bh6 41. Qa7+ Ke8 42. b4 Qd7 43. Qa8+ Ke7 44. Qe4+ Qe6 45. Qh4+ Kd7 46. c4
Bg7 47. Qg5 Be5 48. Re3 Qxc4 49. Qf5+ Qe6 50. Qd3 Kc6 51. f4 Qa2+ 52. Re2 Qd5+
53. Qxd5+ Kxd5 54. fxe5 dxe5 55. b5 Rb8 56. Rb2 f5 57. Kf3 e4+ 58. Kf4 Kc4 59.
b6 Kc3 60. Rb5 Kd3 61. b7 e3 62. Rb3+ Kd4 63. Rxe3 Rxb7 64. h4 Rg7 65. Rf3 Rf7
66. h5 1-0

[Event "33rd Leon Blitz Open 2020"]
[Site "chess.com INT"]
[Date "2020.07.14"]
[Round "4"]
[White "Mhango, Banele"]
[Black "Ghosh, Diptayan"]
[Result "1-0"]
[WhiteTitle "FM"]
[BlackTitle "GM"]
[WhiteElo "2117"]
[BlackElo "2541"]
[WhiteFideId "14327040"]
[BlackFideId "5045207"]
[EventDate "2020.07.14"]
[EventType "blitz"]

1. d4 Nf6 2. c4 e6 3. g3 d5 4. Nf3 Bb4+ 5. Bd2 Be7 6. Bg2 O-O 7. Qc2 Nbd7 8. O-O
c6 9. cxd5 exd5 10. Nc3 Re8 11. Nh4 Nf8 12. Nf5 Bb4 13. Ne3 Ne6 14. Qd3 Ba5 15.
Nc2 g6 16. b4 Bc7 17. Rfd1 Ng7 18. f3 Bb6 19. a4 a6 20. Kh1 Nf5 21. Bf4 Nh5 22.
Bd2 Nd6 23. e4 Nc4 24. Bc1 Be6 25. Ne3 Nxe3 26. Bxe3 Qd7 27. a5 Ba7 28. Na4 Rad8
29. e5 Ng7 30. Nc5 Qe7 31. Qd2 Rb8 32. Bg5 Qf8 33. Bf6 Nh5 34. Bg5 f6 35. exf6
Nxf6 36. Re1 Qf7 37. Re2 Bf5 38. Rae1 Rxe2 39. Rxe2 Re8 40. Rxe8+ Nxe8 41. Qe3
Nd6 42. g4 Bc8 43. h4 Nc4 44. Qe2 Bb8 45. Kg1 h5 46. gxh5 gxh5 47. f4 Bf5 48.
Bf3 Bg6 49. Qe6 Qxe6 50. Nxe6 Bd6 51. Nc5 Bxc5 52. dxc5 Ne3 53. Bf6 Kf7 54. Bc3
Ke6 55. Kf2 Nc4 56. Kg3 Na3 57. Kf2 Nb5 58. Bd2 d4 59. Bg2 Nc3 60. Ke1 Bf5 61.
Bf3 Bg6 62. Bg2 Nd5 63. Kf2 Nf6 64. Bh3+ Bf5 65. Bg2 Be4 66. Bh3+ Bf5 67. Bg2
Ne4+ 68. Bxe4 Bxe4 69. Kg3 Bf5 70. Kf3 Kd5 71. Ke2 Ke4 72. Kf2 Be6 73. Ke2 Bd5
74. Kf2 Kf5 75. Ke2 Kg4 76. Kd3 Kxh4 77. Kxd4 Kg3 78. Ke5 h4 79. f5 h3 80. f6 h2
81. Bf4+ Kh3 82. Bxh2 Kxh2 83. Kd6 Kg3 84. Kc7 Kf4 85. Kxb7 Ke5 86. f7 Bxf7 87.
Kxa6 Kd4 88. Kb6 Kc4 89. a6 1-0

[Event "33rd Leon Blitz Open 2020"]
[Site "chess.com INT"]
[Date "2020.07.14"]
[Round "4"]
[White "Firouzja, Alireza"]
[Black "Gukesh, D"]
[Result "1-0"]
[WhiteTitle "GM"]
[BlackTitle "GM"]
[WhiteElo "2728"]
[BlackElo "2563"]
[WhiteFideId "12573981"]
[BlackFideId "46616543"]
[EventDate "2020.07.14"]
[EventType "blitz"]

1. Nf3 Nf6 2. g3 g6 3. Bg2 Bg7 4. O-O O-O 5. d4 d5 6. c4 c6 7. Qb3 dxc4 8. Qxc4
Bf5 9. Nc3 Nbd7 10. Qb3 Nb6 11. a4 a5 12. Rd1 Ne4 13. Nh4 Be6 14. Qc2 Nxc3 15.
bxc3 Nc4 16. e4 Qc8 17. Nf3 Bh3 18. Qb3 Bxg2 19. Kxg2 Qe6 20. Qb1 b5 21. axb5
cxb5 22. e5 Qd5 23. Re1 Rab8 24. Bg5 e6 25. h4 b4 26. cxb4 Rxb4 27. Qd1 f6 28.
exf6 Bxf6 29. Bf4 Rb2 30. Rc1 a4 31. Qd3 Rc8 32. Rc3 a3 33. Bc1 Rbb8 34. Bxa3
Nxa3 35. Rxa3 Rd8 36. Ra6 Bxd4 37. Raxe6 Rd7 38. R6e4 Bf6 39. Qe2 Kg7 40. Re6
Rf8 41. Qe4 Qxe4 42. R1xe4 Rff7 43. Ra6 Rde7 44. Rf4 Bc3 45. Rc4 Bf6 46. Rcc6
Rc7 47. Rd6 Rcd7 48. Rdb6 Rb7 49. Rc6 Rbc7 50. Nd2 Rxc6 51. Rxc6 Re7 52. Kf3 Bd4
53. Ne4 Rf7+ 54. Kg2 h6 55. f4 Re7 56. Kf3 Ra7 57. Kg4 Re7 58. Nd2 Be3 59. Nf3
Bf2 60. Ne5 g5 61. hxg5 hxg5 62. Rg6+ Kf8 63. Rxg5 Ra7 64. Kf5 Ra3 65. g4 Ra4
66. Rg6 Be3 67. Rf6+ Kg7 68. Kg5 Re4 69. Ng6 Rd4 70. Rf5 Rd6 71. Ne5 Bc1 72.
Rf7+ Kg8 73. Rc7 Be3 74. Kf5 Rd4 75. Rc4 Rd6 76. Ke4 Bg1 77. g5 Bh2 78. Ng4 Bg3
79. Rc3 Be1 80. Nh6+ Kh7 81. Rc7+ Kg6 82. Ng4 Kh5 83. Ne5 Kh4 84. g6 Bg3 85.
Rh7# 1-0